University Home | Library Home | Institutional Repository

Effective writing and editing : (Record no. 111429)

MARC details
000 -LEADER
fixed length control field 00375cam a2200121 4500
008 - FIXED-LENGTH DATA ELEMENTS--GENERAL INFORMATION
fixed length control field 090217n 000 0 eng u
035 ## - SYSTEM CONTROL NUMBER
System control number (Sirsi) a164154
050 ## - LIBRARY OF CONGRESS CALL NUMBER
Classification number PN 4781 REP 1982
245 ## - TITLE STATEMENT
Title Effective writing and editing :
Remainder of title a guidebook for newspapers
260 ## - PUBLICATION, DISTRIBUTION, ETC.
Place of publication, distribution, etc. Virginia :
Name of publisher, distributor, etc. American press institute,
Date of publication, distribution, etc. 1985
300 ## - PHYSICAL DESCRIPTION
Extent 59p.
650 ## - SUBJECT ADDED ENTRY--TOPICAL TERM
Topical term or geographic name entry element Reporters and reporting

No items available.

© 2026 - The University of Zambia Library - Koha v25.11